00811nam a2200205 i 4500001000700000003000900007005001700016007000300033008004100036080001500077100004600092245012400138260006300262300003500325610004200360700004100402852002200443999001900465952012100484129058ES-MaACL20250907063109.0t|070605s1958 sp ||||1| spa d a266.5(460)0 aTedeschini, Federico, cCardenal910950910aDiscursos y cartas sobre Acción Católica Española / cFederico Tedeschini ; publicación y prólogo de J. de F. aSantiago de Compostela : b[s.n.], c1958 (fImp. Paredes) aXXI, 150 p. : bil. ; c25 cm.24aAcción Católica Española.912431 aFrancisco Iglesias, Julia de.9521954 aES-MaACLjC-15800 c129058d129058 00104070aATENEOMbATENEOMcFICHd2008-01-17eSCl0oC-15800p1134399r2023-02-23 00:00:00w2023-02-23yMONOGRAFIA